Optical coherence tomography : technology and applications /

Bibliographic Details
Other Authors: Drexler, Wolfgang (Editor), Fujimoto, James G. (Editor)
Format: eBook
Language:English
Published: Cham : Springer Reference, [2015]
Edition:Second edition.
Subjects:
Online Access:Connect to the full text of this electronic book.

MARC

Tag First Indicator Second Indicator Subfields
LEADER 00000cam a2200000 i 4500
001 in00005504639
008 150629s2015 sz a ob 000 0 eng d
006 m o d
007 cr cn|||||||||
005 20241008193815.3
035 |a (OCoLC)ocn912287126 
040 |a GW5XE  |b eng  |e rda  |e pn  |c GW5XE  |d YDXCP  |d OCLCF  |d VLB  |d ESU  |d IOG  |d U3W  |d CEF  |d OCLCQ  |d WYU  |d OCLCO  |d OCLCA  |d MERER  |d OCLCO  |d OCLCA  |d OCLCQ  |d WURST  |d AJS  |d OCLCO  |d OCLCQ  |d OCLCO  |d OCLCL  |d OCLCQ  |d OCLCA 
020 |a 9783319064192  |q (electronic bk.) 
020 |a 3319064193  |q (electronic bk.) 
020 |z 9783319064185 
020 |z 9783319064208 
024 7 |a 10.1007/978-3-319-06419-2  |2 doi 
035 |a (OCoLC)912287126 
060 4 |a WN 206  |b O6255 2015eb 
245 0 0 |a Optical coherence tomography :  |b technology and applications /  |c Wolfgang Drexler, James G. Fujimoto, editors. 
250 |a Second edition. 
264 1 |a Cham :  |b Springer Reference,  |c [2015] 
264 4 |c ©2015 
300 |a 1 online resource :  |b illustrations 
336 |a text  |b txt  |2 rdacontent 
337 |a computer  |b c  |2 rdamedia 
338 |a online resource  |b cr  |2 rdacarrier 
504 |a Includes bibliographical references. 
520 3 |a Optical coherence tomography (OCT) is the optical analog of ultrasound imaging and is a powerful imaging technique that enables non-invasive, in vivo, high resolution, cross-sectional imaging in biological tissue. 
650 0 |a Optical coherence tomography. 
650 2 |a Tomography, Optical Coherence. 
700 1 |a Drexler, Wolfgang,  |e editor. 
700 1 |a Fujimoto, James G.,  |e editor. 
856 4 0 |u https://ebookcentral.proquest.com/lib/tamum-ebooks/detail.action?docID=6312772  |z Connect to the full text of this electronic book.  |t 0 
948 |a Request by Houston patron; 10/8/24, rf. 
994 |a Z0  |b TMV 
948 |h HELD BY TMV - 210 OTHER HOLDINGS 
999 f f |s 721bd313-2808-4de3-a2ea-ac87dfd0d77f  |i 20bf11c1-3e0f-41e2-acc9-a84d9722e4cc  |t 0 
952 f f |a Texas A&M University  |b College Station  |c Electronic Resources  |d Available Online  |t 0  |e WN 206 O6255 2015eb  |h National Library of Medicine classification 
998 f f |a WN 206 O6255 2015eb  |t 0  |l Available Online